Putalová ako Maslák, Velďákovej slzy 52. ročník atletického mítingu P - T - S ozdobili špičkoví kladivári a rýchly Gulijev (19,98 na 200 m)

Bibliographic Details
Main Author: Bogdányi, Gabriel (Author)
Format: Article
Language:Slovak
PhysicalDescription:Fotogr.
ISSN:0139-7001
Subjects:

MARC

LEADER 00000nab a2200000 a 4500
001 vtls011697729
003 SK-MaSNL
005 20260303185632.0
008 170619|20170619xo dr | 000 0|slo
015 |a SNBRB2017/06 
038 |a DSZK 
040 |a DSZK  |b slo  |c DSZK  |e AACR2 
041 0 |a slo 
044 |a xo  |c SK 
080 |a 796.42.09  |x (437.6)  |2 2011 
100 1 |a Bogdányi, Gabriel  |4 aut  |9 415796 
245 1 0 |a Putalová ako Maslák, Velďákovej slzy  |b 52. ročník atletického mítingu P - T - S ozdobili špičkoví kladivári a rýchly Gulijev (19,98 na 200 m)  |c Gabriel Bogdányi 
300 |b Fotogr. 
611 2 7 |a Atletický míting Pravda - Televízia - Slovnaft  |n (52. :  |d 2017 :  |c Šamorín, Slovensko)  |2 dszk  |9 1217103 
648 7 |a 2017  |2 dszk  |9 347966 
650 0 7 |a atletika  |2 SNKPH  |9 3279 
651 7 |a Šamorín (Slovensko)  |2 SNKPH  |9 28925 
773 0 |t Šport  |g Roč. 71, č. 140 (19.6.2017), s. 8  |x 0139-7001 
852 |a DSZK  |b KIS3GCP 
958 |a SK 
999 |c 2132221  |d 2134151